| 000 | 00942cam a2200253 4500 | ||
|---|---|---|---|
| 001 | X113047 | ||
| 008 | 000000n2001 000 0 eng u | ||
| 035 | _a(Sirsi) u113049 | ||
| 100 | _aBlackler, T. | ||
| 245 | _aBlame the parents | ||
| 260 | _c2001 | ||
| 490 |
_aBuilding _v266(8187) 1 June 2001, 49(1) |
||
| 520 | _aDiscusses litigation against a parent company on the basis of a parent company guarantee, as an effective means of settling a dispute with its subsidiary. | ||
| 650 | _aPARENT COMPANY GUARANTEES | ||
| 650 | _aBUILT ENVIRONMENT-BUILDING CONTRACT FORMS | ||
| 650 | _aMANAGEMENT-DISPUTE AVOIDANCE, MANAGEMENT AND RESOLUTION-DISPUTE MANAGEMENT AND RESOLUTION-ARBITRATION | ||
| 650 | _aTECHNOLOGY AND CONSTRUCTION COURT | ||
| 650 | _aLIQUIDATED DAMAGES | ||
| 650 | _aEXTENSIONS OF TIME | ||
| 650 | _aSURETY BONDS | ||
| 650 | _aALSTOM COMBINED CYCLES LTD V AEGON INSURANCE CO | ||
| 690 | _aLAW-UK | ||
| 942 | _n0 | ||
| 999 |
_c67293 _d67293 |
||